000 00296nam a22001337a 4500
008 170405b xxu||||| |||| 00| 0 eng d
020 _a9780072430974
041 _aeng
080 _29TH
_a574
100 _a9
101 _aSHM
245 _aENVIRONMENTAL ISSUES
_cGOLDFARB, TH.D
942 _2udc
_cBK
999 _c9744
_d9744